| 000 | 01284cam a2200337 i 4500 | ||
|---|---|---|---|
| 001 | 9683 | ||
| 003 | Mx-PuUPA | ||
| 005 | 20260223084357.0 | ||
| 008 | 140415s2017 mx gr 000 0 spa d | ||
| 020 | _a9786077478461 | ||
| 040 |
_cMx-PuUPA _aMx-PuUPA _bspa _dMx-PuUPA _erda |
||
| 041 | 0 | _aspa | |
| 100 | 1 |
_aCortina Orts, Adela, _eautor _92776 |
|
| 245 | 1 | 0 |
_aAporofobia, el rechazo al pobre : _bun desafío para la democracia / _cAdela Cortina |
| 250 |
_aPrimera edición / _benero |
||
| 264 | 1 |
_aCiudad de México : _bEdiciones Culturales Paidós, _c©2020 |
|
| 300 |
_a196 páginas ; _c23 cm |
||
| 336 |
_2rdacontent _atexto _btxt |
||
| 337 |
_2rdamedia _asin medio _bn |
||
| 338 |
_2rdacarrier _avolumen _bnc |
||
| 650 | 7 |
_2armarc _aPobreza _xAspectos morales y éticos |
|
| 650 | 7 |
_2armarc _aÉtica social |
|
| 650 | 7 |
_2armarc _aDiscriminación |
|
| 650 | 7 |
_2armarc _aPrejuicios |
|
| 650 | 7 |
_2armarc _aPobreza _xAspectos sociales |
|
| 942 |
_2ddc _cLI _h362.51 _iC78 |
||
| 999 |
_c9683 _d9683 |
||